Bundesliga Meister - Sudden Death - Statistiken

Allgemein
  • Dieses Quiz wurde 1.127 mal gespielt
  • Das Durchschnittsergebnis liegt bei 8 aus 13
Answers on the Grid
Answers color-coded by a green-red scale on the quiz's grid according to % correct below.
1. FC Kaiserslautern
1. FC Köln
1. FC Nürnberg
Alemannia Aachen
Bayer 04 Leverkusen
Bayern München
Borussia Dortmund
Borussia Mönchengladbach
Dynamo Dresden
Eintracht Braunschweig
FC Schalke 04
Fortuna Düsseldorf
Hamburger SV
Hannover 96
Hertha BSC
Karlsruher SC
Mainz 05
RB Leipzig
SC Freiburg
St. Pauli
TSV 1860 München
VfB Stuttgart
VFL Wolfsburg
Werder Bremen
Wuppertaler SV
 
Antwortstatistiken
Antwort % Korrekt
Bayern München
80%
Borussia Dortmund
79%
Bayer 04 Leverkusen
74%
Hamburger SV
71%
1. FC Kaiserslautern
68%
Borussia Mönchengladbach
68%
VfB Stuttgart
68%
1. FC Köln
67%
Werder Bremen
66%
VFL Wolfsburg
62%
1. FC Nürnberg
56%
TSV 1860 München
44%
Eintracht Braunschweig
40%
Keine übereinstimmenden Quizze gefunden
Verteilung der Resultate
Anzahl Personen mit jedem Resultat
Perzentil nach korrekt beantworteten Fragen
Ihre Resultats-Entwicklung
Sie haben dieses Quiz noch nicht gespielt